000
00317pab a2200133 454500
008
180718b2000 xxu||||| |||| 00| 0 eng d
245
_a
SPECIAL issue on health care
260
_c
2000
300
_a
p.9-120
362
_a
Fall
650
_a
Health services
773
_a
California Management Review
909
_a
47594
999
_c
47594
_d
47594